000 00225nam a22001097a 4500
100 _aSister Nivedita
245 _aCradle Tales Of Hinduism
250 _a1996
260 _bSwami Mumuksha
300 _a318
942 _2ddc
_cBK
999 _c11711
_d11711